[Event "35th Georgi Tringov Open"]
[Site "Plovdiv BUL"]
[Date "2013.02.06"]
[Round "5.14"]
[White "Danov,Lyubomir"]
[Black "Rombaldoni,Ax"]
[Result "0-1"]
[WhiteElo "2158"]
[BlackElo "2472"]

1.e4 c5 2.c3 Nf6 3.e5 Nd5 4.d4 cxd4 5.Nf3 Nc6 6.cxd4 d6 7.Bc4 Nb6 8.Bb5 d5
9.Nh4 e6 10.Nf3 Be7 11.O-O Bd7 12.Nc3 Rc8 13.Re1 Nb4 14.Bf1 a6 15.Re2 O-O
16.Bf4 Nc4 17.Rc1 Qa5 18.a3 Nc6 19.Rec2 b5 20.Nb1 Qb6 21.Bd3 g6 22.Be2 N6a5
23.Qd3 b4 24.axb4 Qxb4 25.Bd2 Nxd2 26.Nbxd2 Rxc2 27.Qxc2 Rc8 28.Qb1 Rxc1+
29.Qxc1 Qb6 30.Qc2 Bb4 31.Nf1 Nc6 32.Qd3 a5 33.Ne3 Be7 34.Qd2 Bb4 35.Qd3 Be7
36.Qd2 Qb4 37.Qxb4 Nxb4 38.Kf1 Ba4 39.Bd1 Bb5+ 40.Be2 Bd3 41.Bxd3 Nxd3 42.Nd1 Bb4
43.g3 a4 44.Ne3 Nxb2 45.Nc2 Bc3 46.Ke2 Kf8 47.Nd2 Ke7 48.h4 Kd7 49.g4 Nc4
50.Nf3 h5 51.gxh5 gxh5 52.Kd3 Ba5 53.Ne3 a3 54.Kc2 a2  0-1

[Event "Asian Zonal 3.2 2013"]
[Site "Thulhiriya City PHI"]
[Date "2013.02.06"]
[Round "6.4"]
[White "Kurukulasuriya,P"]
[Black "Kavinda,A"]
[Result "1/2-1/2"]
[WhiteElo "2071"]
[BlackElo "1987"]

1.e4 c5 2.c3 Nf6 3.e5 Nd5 4.d4 cxd4 5.Nf3 e6 6.cxd4 Nc6 7.Bd3 d6 8.exd6 Bxd6
9.O-O Bd7 10.Nbd2 Qc7 11.Ne4 O-O-O 12.a3 h6 13.b4 e5 14.Bd2 Kb8 15.Rc1 f5
16.Nxd6 Qxd6 17.dxe5 Nxe5 18.Nxe5 Qxe5 19.Qf3 g5 20.Rc5 Bc6 21.Qxf5 Qxf5
22.Bxf5 Rhf8 23.Bb1 Nb6 24.Be3 Nd7 25.Rcc1 Nf6 26.h3 Nd5 27.Bd2 a6 28.Rfe1 Nf4
29.Bxf4+ Rxf4 30.Rcd1 Rdf8 31.Rd2 g4 32.h4 Rc4 33.Rc2 Rd4 34.Rc5 Rd2 35.Rf5 Rxf5
36.Bxf5 g3 37.f3 Ra2 38.Be4 Bxe4 39.fxe4 Rxa3 40.Kf1 Ra2 41.Re3 Rf2+ 42.Kg1 Rf4
43.h5 Rh4 44.Rxg3 Rxh5 45.Rc3 Re5 46.Rc4 Ka7 47.Kf2 Kb6 48.g4 Kb5 49.Rd4 a5
50.bxa5 Kxa5 51.Kf3 b5 52.Rd6 b4 53.Rxh6 b3 54.Kf4 Re8 55.g5 Rf8+ 56.Ke5 Re8+
57.Kd4 b2 58.Rh1 Kb4 59.g6 Kb3  1/2-1/2

[Event "ch-TUR 2013"]
[Site "Antalya TUR"]
[Date "2013.02.07"]
[Round "9.21"]
[White "Sari,Yasin"]
[Black "Hadjiyev,S"]
[Result "1-0"]
[WhiteElo "1934"]
[BlackElo "2099"]

1.e4 c5 2.c3 Nf6 3.e5 Nd5 4.Nf3 e6 5.d4 cxd4 6.cxd4 d6 7.a3 Nc6 8.Bd3 Qb6
9.O-O Bd7 10.Bc2 g6 11.Nc3 Nxc3 12.bxc3 dxe5 13.dxe5 Bg7 14.Qe2 Qc7 15.Re1 Ne7
16.c4 Rc8 17.Bd3 O-O 18.a4 Rfd8 19.Ba3 Bc6 20.Bd6 Rxd6 21.exd6 Qxd6 22.Ra2 Rd8
23.Be4 Qc5 24.Bxc6 Nxc6 25.Rd2 Nd4 26.Nxd4 Bxd4 27.Rb1 Qa5 28.Rxb7 Qxa4 29.Ra2 Qe8
30.Rb5 Rc8 31.Rc2 Qe7 32.Qf3 Rc7 33.Qe4 Qd6 34.Rb7 Rc5 35.g3 Re5 36.Qf3 Rf5
37.Qb3 Qe5 38.Qb1 a6 39.Rd2 Qc5 40.Qc2 h5 41.Rd7 e5 42.h4 Rf3 43.Rd5 Qa7
44.Kg2 Rc3 45.Qa4 Qb6 46.Qe8+ Kg7 47.Rd8 Kf6 48.Qh8+ Kf5 49.Rd5 Qf6 50.Qe8 Qe6
51.Qd8 Rxc4 52.Qg5+ Ke4 53.Rd8 Qg4 54.Qf6 Rc3 55.R2xd4+ exd4 56.Rxd4+  1-0

[Event "TCh-CZE Div1 Vychod 2012-13"]
[Site "Czech Republic CZE"]
[Date "2013.02.10"]
[Round "7.3"]
[White "Pisk,P"]
[Black "Rubal,A"]
[Result "1-0"]
[WhiteElo "2389"]
[BlackElo "2245"]

1.e4 c5 2.c3 Nf6 3.e5 Nd5 4.Nf3 e6 5.Bc4 b6 6.d4 Bb7 7.O-O Be7 8.Re1 O-O
9.Qe2 f5 10.exf6 Rxf6 11.Ne5 cxd4 12.cxd4 Nc6 13.Bxd5 Nxd4 14.Qd1 Bxd5 15.Nc3 Bb7
16.Bg5 Nf3+ 17.Nxf3 Bxf3 18.gxf3 Rg6 19.h4 Bxg5 20.hxg5 Qxg5+ 21.Kf1 Qg2+
22.Ke2 Rf8 23.Qd3 Rg5 24.Rg1 Re5+ 25.Ne4 Qh3 26.Rg3 Qf5 27.Rag1 d5 28.Rxg7+ Kh8
29.R7g5 dxe4 30.Qd4 exf3+ 31.Kd2  1-0

[Event "Moscow Open A 2013"]
[Site "Moscow RUS"]
[Date "2013.02.10"]
[Round "9.2"]
[White "Mamedov,Rau"]
[Black "Smirnov,P"]
[Result "1/2-1/2"]
[WhiteElo "2651"]
[BlackElo "2618"]

1.e4 c5 2.c3 Nf6 3.e5 Nd5 4.d4 cxd4 5.Nf3 Nc6 6.cxd4 d6 7.Bc4 Nb6 8.Bb5 dxe5
9.Nxe5 Bd7 10.Nxd7 Qxd7 11.Nc3 e6 12.O-O Rc8 13.Be3 a6 14.Bxc6 Rxc6 15.Qb3 Be7
16.d5 Nxd5 17.Rad1 O-O 18.Nxd5 exd5 19.Rxd5 Qe6 20.Rfd1 b5 21.Qd3 h6 22.g3 Rfc8
23.b3 Rc3 24.Qf1 R3c6 25.Qd3 Rc3 26.Qf1 R3c6 27.Qd3 Rc3  1/2-1/2

[Event "17th Lienz Open 2013"]
[Site "Lienz AUT"]
[Date "2013.02.11"]
[Round "4.36"]
[White "Kawinek,A"]
[Black "Granabetter,J"]
[Result "0-1"]
[WhiteElo "1798"]
[BlackElo "1961"]

1.e4 c5 2.c3 Nf6 3.e5 Nd5 4.c4 Nb6 5.f4 Nc6 6.Nf3 e6 7.d3 d5 8.Nc3 Be7 9.Be2 O-O
10.O-O a6 11.Re1 Bd7 12.Bf1 Nd4 13.Ng5 h6 14.Nf3 Bc6 15.Nxd4 cxd4 16.cxd5 Nxd5
17.Ne4 Rc8 18.Qf3 Nb4 19.Rd1 Bd5 20.Qg4 Nc2 21.Rb1 Bxa2 22.Bd2 Bxb1 23.Rxb1 Ne3
24.Qf3 Nf5 25.g3 Qb6 26.b3 Rc2 27.Qd1 Rfc8 28.Be2 Ra2 29.Rc1 Rxc1 30.Bxc1 Ra1
31.Bh5 Qc6  0-1

[Event "Novy Bor Open A 2013"]
[Site "Novy Bor CZE"]
[Date "2013.02.12"]
[Round "4"]
[White "Vrana,J"]
[Black "Dambrauskas,V"]
[Result "1-0"]
[WhiteElo "2275"]
[BlackElo "2321"]

1.e4 c5 2.c3 Nf6 3.e5 Nd5 4.d4 cxd4 5.Nf3 e6 6.cxd4 d6 7.Bc4 Nc6 8.O-O Be7
9.Qe2 a6 10.Nc3 Nxc3 11.bxc3 dxe5 12.dxe5 Qa5 13.Bd2 Bd7 14.Rab1 Qc7 15.Bd3 O-O
16.Qe4 g6 17.Bh6 Rfd8 18.Rfe1 Be8 19.h4 Rd5 20.h5 Rad8 21.hxg6 hxg6 22.Bc4 R5d7
23.Bg5 Nxe5 24.Qxe5 Qxc4 25.Bxe7 Rxe7 26.Rb4 f6 27.Qxf6 Qc7 28.Rh4 Rg7 29.Qxe6+ Qf7
30.Qh3 Qf5 31.Rh8+ Kf7 32.Ne5+  1-0

[Event "62nd ch-BUL w SF 2013"]
[Site "Plovdiv BUL"]
[Date "2013.02.12"]
[Round "2.4"]
[White "Vasileva,V"]
[Black "Sirkova,D"]
[Result "0-1"]
[WhiteElo "1768"]
[BlackElo "1970"]

1.e4 c5 2.c3 Nf6 3.e5 Nd5 4.Nf3 Nc6 5.Bc4 Nb6 6.Bb3 g6 7.O-O Bg7 8.d4 cxd4
9.Ng5 Nxe5 10.cxd4 Nec4 11.Qf3 O-O 12.Qh3 h6 13.Nf3 d6 14.Qh4 e5 15.Qg3 e4
16.Nfd2 Nxd2 17.Bxd2 d5 18.Be3 Be6 19.Nc3 Rc8 20.Ne2 Qd7 21.Qh4 g5 22.Qg3 f5
23.f4 exf3 24.Qxf3 f4 25.Bf2 g4 26.Qd3 Bf5 27.Qd2 f3 28.Ng3 Bg6 29.Rac1 Rxc1
30.Rxc1 fxg2 31.Kxg2 Qf7 32.Rf1 Qf3+ 33.Kg1 Bd3 34.Re1 Nc4 35.Bxc4 dxc4 36.Be3 Re8  0-1

[Event "Aeroflot Open Rapid Qualifier 2013"]
[Site "Moscow RUS"]
[Date "2013.02.13"]
[Round "6.1"]
[White "Korobov,A"]
[Black "Mamedov,Rau"]
[Result "0-1"]
[WhiteElo "2702"]
[BlackElo "2651"]

1.e4 c5 2.c3 Nf6 3.e5 Nd5 4.Nf3 Nc6 5.Bc4 Nb6 6.Bb3 c4 7.Bc2 Qc7 8.Qe2 g5
9.h3 Bg7 10.e6 dxe6 11.Nxg5 h6 12.Nf3 Bd7 13.b3 Nb4 14.Na3 Nxc2+ 15.Nxc2 Rc8
16.O-O Nd5 17.Ne3 Nf4 18.Qxc4 Bc6 19.Nd4 Bxd4 20.cxd4 Rg8 21.f3 Nxh3+ 22.Kh1 Qg3
23.Qe2 Nf4 24.Qf2 Qg6 25.Qg1 Ne2 26.Qh2 Ng3+ 27.Kg1 Nxf1 28.Kxf1 Qd3+ 29.Kf2 Qxd4
30.Rb1 Bb5  0-1

[Event "TCh-FRA w TOP 12 2013"]
[Site "Archamps FRA"]
[Date "2013.02.16"]
[Round "2.1"]
[White "Rasinaru,A"]
[Black "Haussernot,C"]
[Result "1-0"]
[WhiteElo "1988"]
[BlackElo "2016"]

1.e4 c5 2.c3 Nf6 3.e5 Nd5 4.d4 cxd4 5.cxd4 e6 6.Nf3 d6 7.Bc4 Nb6 8.Bb3 dxe5
9.Nxe5 Nc6 10.Nxc6 bxc6 11.O-O Bd6 12.Nc3 O-O 13.Ne4 Bxh2+ 14.Kxh2 Qh4+ 15.Kg1 Qxe4
16.Re1 Qg6 17.Bc2 f5 18.Re3 Qf7 19.Rh3 Nd5 20.Qf3 Bb7 21.Qg3 Rad8 22.Qh4 Nf6
23.Bg5 h6 24.Rd1 Qg6 25.Bxf6 Qxf6 26.Qf4 Rd7 27.Bb3 Kh7 28.Re3 Re8 29.Re5 Qg6
30.f3 Qf6 31.Rde1 Rd6 32.Rxf5 Qd8 33.Rf7 Re7 34.Rf8 Qd7 35.Bc2+ g6 36.Qf6 Rg7
37.Bxg6+  1-0

[Event "US Amateur Team East 2013"]
[Site "Parsippany USA"]
[Date "2013.02.16"]
[Round "1"]
[White "Dutiel,Tony"]
[Black "Nguyen,Anthony Quan"]
[Result "1-0"]
[WhiteElo "1900"]
[BlackElo "1870"]

1.e4 c5 2.c3 Nf6 3.e5 Nd5 4.Nf3 d6 5.d4 cxd4 6.Bc4 Nb6 7.cxd4 Nxc4 8.Qa4+ Nc6
9.Qxc4 d5 10.Qb3 Bg4 11.Qxb7 Rc8 12.Nbd2 e6 13.h3 Bxf3 14.Nxf3 Bb4+ 15.Bd2 Bxd2+
16.Kxd2 Qa5+ 17.Ke2 O-O 18.Rhc1 Qa4 19.b3 Nxd4+ 20.Nxd4 Qxd4 21.Qxc8 Qxe5+
22.Kf1 Qh2 23.f3 Qe5 24.Qc7 Qf5 25.Re1 d4 26.Qe5 Qd3+ 27.Kg1 Rd8 28.Rad1 Qc3
29.Re4  1-0

[Event "ch-ROU 2013"]
[Site "Baile Olanesti ROU"]
[Date "2013.02.20"]
[Round "6.35"]
[White "Siclovan,C"]
[Black "Andreescu,Darie-Ioan"]
[Result "1/2-1/2"]
[WhiteElo "2174"]
[BlackElo "1893"]

1.e4 c5 2.c3 Nf6 3.e5 Nd5 4.d4 cxd4 5.cxd4 d6 6.f4 Nc6 7.Nc3 dxe5 8.fxe5 Bf5
9.a3 e6 10.g3 Qb6 11.Nge2 Nxc3 12.bxc3 Be4 13.Rg1 Rd8 14.Bd2 Nxe5 15.dxe5 Bc5
16.Rg2 Bxg2 17.Bxg2 O-O 18.Qc2 Qc7 19.Bf4 Bb6 20.Qe4 Qc5 21.Qf3 f6 22.exf6 Rxf6
23.Rd1 Qf2+ 24.Qxf2 Bxf2+ 25.Kxf2 Rxd1 26.Ke3 Rf7 27.h4 Ra1 28.Bd6 Rd7 29.Bb4 a5
30.Bxa5 Rxa3 31.Bb4 Ra6 32.Bh3 Kf7 33.Nf4 Kf6 34.c4 g6 35.g4 Rb6 36.g5+ Kf7
37.Bc5 Rc6 38.Bd4 Re7 39.Nd3 e5 40.Nxe5+ Rxe5+ 41.Bxe5 Rxc4  1/2-1/2

[Event "Reykjavik Open 2013"]
[Site "Reykjavik ISL"]
[Date "2013.02.20"]
[Round "2.75"]
[White "Billot,D"]
[Black "Karlsson,MiJ"]
[Result "1-0"]
[WhiteElo "1731"]
[BlackElo "1990"]

1.e4 c5 2.c3 Nf6 3.e5 Nd5 4.d4 cxd4 5.cxd4 e6 6.Nf3 Nc6 7.Bc4 Nb6 8.Bb3 d6
9.O-O dxe5 10.dxe5 Qc7 11.Bf4 Be7 12.Nc3 a6 13.Rc1 O-O 14.Qe2 Bd7 15.Rfd1 Rad8
16.Ne4 Qb8 17.Nfg5 h6 18.Nf3 Nb4 19.Nc3 Bc6 20.Nd4 Bd5 21.Nxd5 N4xd5 22.Bg3 Bg5
23.Rb1 Qc7 24.Qe4 Qd7 25.h4 Be7 26.Bc2 f5 27.exf6 Bxf6 28.Qxe6+ Qf7 29.Qf5 Rfe8
30.Qh7+ Kf8 31.Bg6 Qg8 32.Qxg8+ Kxg8 33.Bxe8 Rxe8 34.Nb3 Nb4 35.a3 Nc6 36.Nc5 Re7
37.Rd6 Nc4 38.Rd7 Rxd7 39.Nxd7 Bxb2 40.Nc5 Nd4 41.Re1 Nf5 42.Nxb7 Nxg3 43.fxg3 Nxa3
44.Kf1 Nc4 45.Re2 Be5 46.Na5 Nxa5 47.Rxe5 Nc4 48.Rc5 Nd2+ 49.Ke2 Ne4 50.Ra5 Kf7
51.Kf3 Nf6 52.Rxa6 h5 53.Kf4 Kg6 54.Rc6 Kf7 55.Rc7+ Kg6 56.Rc6 Kf7 57.Ra6 Kg6
58.Ra5 Kf7 59.Rg5 g6 60.Ra5 Kg7 61.Ra7+ Kh6 62.Ra5 Ng4 63.Ra6 Nf2 64.Kf3 Ng4
65.Ra4 Nf2 66.g4 hxg4+ 67.Rxg4  1-0

[Event "Reykjavik Open 2013"]
[Site "Reykjavik ISL"]
[Date "2013.02.20"]
[Round "3.31"]
[White "Kristjansson,St"]
[Black "Omarsson,D"]
[Result "1-0"]
[WhiteElo "2486"]
[BlackElo "2212"]

1.e4 c5 2.c3 Nf6 3.e5 Nd5 4.Bc4 e6 5.Nf3 d6 6.d4 cxd4 7.cxd4 Nc6 8.O-O Be7
9.Qe2 O-O 10.Qe4 Bd7 11.Re1 Rc8 12.Nbd2 b5 13.Bb3 a6 14.a3 Na5 15.Ba2 Bc6
16.Qg4 Re8 17.Ne4 dxe5 18.dxe5 Nb7 19.Bh6 g6 20.Bg5 Bd7 21.Qh4 h5 22.Bxd5 exd5
23.Nf6+ Bxf6 24.Bxf6 Qb6 25.Qf4 Qc5 26.Qh6  1-0

[Event "ch-ROU w 2013"]
[Site "Baile Olanesti ROU"]
[Date "2013.02.21"]
[Round "6.2"]
[White "Visanescu,D"]
[Black "Sandu,Mi"]
[Result "1-0"]
[WhiteElo "2068"]
[BlackElo "2222"]

1.e4 c5 2.c3 Nf6 3.e5 Nd5 4.d4 cxd4 5.Nf3 e6 6.cxd4 d6 7.Bc4 Nc6 8.Qe2 Be7
9.O-O O-O 10.Nc3 dxe5 11.dxe5 Nxc3 12.bxc3 Qa5 13.Bd2 Rd8 14.Rad1 Bd7 15.Qe4 Be8
16.Rfe1 Qa4 17.Qe2 Qc2 18.Bb3 Qd3 19.Qxd3 Rxd3 20.Bc2 Rdd8 21.Bf4 Rxd1 22.Rxd1 Rc8
23.Bb1 h6 24.Nd4 Na5 25.Rd3 Nc4 26.Rg3 Kf8 27.Bh7 Ba3 28.Rf3 Ke7 29.h4 Rc5
30.Nc2 Bb2 31.Nb4 Nxe5 32.Re3 Nc4 33.Rf3 e5 34.Bg3 f6 35.Bc2 Nd2 36.Rd3 Ne4
37.Rd5 Bxc3 38.Rxc5 Bxb4 39.Rc4 Nxg3 40.Rxb4 Ne2+ 41.Kf1 Nd4 42.Rxb7+ Kd6
43.Bb3 a5 44.Rxg7 a4 45.Bd1 Bb5+ 46.Kg1 Nf5 47.Ra7 Nxh4 48.Bxa4 Be2 49.Bc2 Bc4
50.Rh7 Bd5 51.f3  1-0

[Event "ch-ROU 2013"]
[Site "Baile Olanesti ROU"]
[Date "2013.02.21"]
[Round "7.22"]
[White "Martian,D"]
[Black "Florescu,C"]
[Result "1-0"]
[WhiteElo "2145"]
[BlackElo "2212"]

1.e4 c5 2.c3 Nf6 3.e5 Nd5 4.d4 cxd4 5.Nf3 e6 6.cxd4 d6 7.Bc4 Nb6 8.Bd3 Nc6
9.O-O Be7 10.Nc3 O-O 11.Qe2 d5 12.Bf4 a6 13.Rad1 Bd7 14.g3 Na7 15.Bb1 Nb5
16.Qd3 g6 17.Bh6 Re8 18.Ne2 Nc4 19.Bc1 Rc8 20.h4 Na7 21.Nh2 Qb6 22.Qf3 Nxb2
23.Ng4 Rf8 24.Nf6+ Bxf6 25.Qxf6 Qd8 26.Bxb2 Qxf6 27.exf6 b5 28.Ba3 Rfe8 29.Bc5 Nc6
30.Nf4 Na5 31.Be7 Nc6 32.Bd6 Na5 33.Nd3 Nc4 34.Be7 a5 35.a3 Rc6 36.Ba2 Rec8
37.Rfe1 Be8 38.Kg2 Nd6 39.Bxd6 Rxd6 40.Rc1 Rc4 41.Bxc4 dxc4 42.Ne5 Kf8 43.a4  1-0

[Event "21st Fajr Open"]
[Site "Mashhad IRI"]
[Date "2013.02.21"]
[Round "2.1"]
[White "Gholami,A"]
[Black "Ghaem Maghami,E"]
[Result "0-1"]
[WhiteElo "2081"]
[BlackElo "2568"]

1.e4 c5 2.c3 Nf6 3.e5 Nd5 4.d4 cxd4 5.Nf3 e6 6.cxd4 d6 7.Nc3 Nxc3 8.bxc3 Qc7
9.Rb1 Nd7 10.exd6 Bxd6 11.c4 b6 12.Bd3 Bb7 13.O-O O-O 14.h3 Rfe8 15.Bb2 e5
16.dxe5 Nxe5 17.Nxe5 Bxe5 18.Bxe5 Rxe5 19.Rb5 Rae8 20.Qd2 g6 21.Qf4 Bc6 22.Rxe5 Qxe5
23.Qxe5 Rxe5 24.Rd1 Kf8 25.f3 Ke7 26.Kf2 Ra5 27.Rd2 Bd7 28.Ke3 Be6 29.f4 Ra4
30.Rc2 Kd6 31.Kd4 b5 32.g4 bxc4 33.Bxc4 h6 34.Kd3 Bxc4+ 35.Rxc4 Rxa2 36.Rc8 Ra3+
37.Ke4 Rxh3 38.Ra8 Ra3 39.Rh8 Ra4+ 40.Kf3 Kd5 41.Rd8+ Ke6 42.Rh8 Ra3+ 43.Ke4 Rh3
44.Ra8 f5+ 45.gxf5+ gxf5+ 46.Kd4 Rf3 47.Re8+ Kd6 48.Rd8+ Kc7 49.Ra8 Kb7 50.Rh8 Rxf4+
51.Ke5 Rh4 52.Kxf5 a5 53.Ke5 Kc6 54.Rc8+ Kb5 55.Kd5 Kb4  0-1

[Event "ch-ROU 2013"]
[Site "Baile Olanesti ROU"]
[Date "2013.02.22"]
[Round "9.52"]
[White "Ionita,G"]
[Black "Banzea,Alexandru-Bogdan"]
[Result "0-1"]
[WhiteElo "1618"]
[BlackElo "1808"]

1.e4 c5 2.c3 Nf6 3.e5 Nd5 4.d4 cxd4 5.cxd4 e6 6.Bc4 Nb6 7.Bb3 Nc6 8.f4 d6
9.Nf3 Be7 10.O-O O-O 11.Nc3 Bd7 12.Ne4 d5 13.Neg5 h6 14.Qd3 hxg5 15.Nxg5 Bxg5
16.Bc2 g6 17.fxg5 Nb4 18.Qe2 Nxc2 19.Qxc2 Kg7 20.Rf6 Rc8 21.Qd3 Qc7 22.Bd2 Qc2
23.Qe2 Nc4 24.Rd1 Nxd2 25.Rxd2 Qe4 26.Qf1 Bb5 27.Qd1 Rc7 28.Rdf2 Qe3 29.Rf3 Rc1  0-1

[Event "ch-ROU 2013"]
[Site "Baile Olanesti ROU"]
[Date "2013.02.24"]
[Round "11.44"]
[White "Negulescu,Alexandru"]
[Black "Covaci,S"]
[Result "1/2-1/2"]
[WhiteElo "1648"]
[BlackElo "1845"]

1.e4 c5 2.c3 Nf6 3.e5 Nd5 4.Nf3 Nc6 5.Bc4 Nb6 6.Bb3 d5 7.d4 cxd4 8.cxd4 Bg4
9.Be3 e6 10.O-O a5 11.Nc3 Bb4 12.Nb5 a4  1/2-1/2

[Event "29th Open"]
[Site "Cappelle la Grande FRA"]
[Date "2013.02.25"]
[Round "3.48"]
[White "Wacker,P"]
[Black "Vorobiov,E"]
[Result "0-1"]
[WhiteElo "2300"]
[BlackElo "2584"]

1.e4 c5 2.c3 Nf6 3.e5 Nd5 4.d4 cxd4 5.Nf3 Nc6 6.cxd4 d6 7.Bc4 Nb6 8.Bb5 Bd7
9.exd6 e6 10.Bg5 Qb8 11.Nc3 Bxd6 12.O-O a6 13.Bd3 Nb4 14.Bb1 Bc6 15.a3 N4d5
16.Ne4 Bf4 17.Re1 Nd7 18.Bh4 O-O 19.Bg3 Bxg3 20.hxg3 Rd8 21.Ba2 N5f6 22.Nc3 Qa7
23.Qe2 Bxf3 24.Qxf3 Qxd4 25.Qxb7 Rab8 26.Qxa6 Rxb2 27.Ne2 Qc5 28.Rac1 Qf8
29.Bb1 Ra8 30.Qc4 Qxa3 31.Nf4 Qa7 32.Rc2 Rxc2 33.Qxc2 g6 34.Qe2 Rb8 35.g4 Qd4
36.g3 Rb2 37.Bc2 Nxg4  0-1

[Event "Zagreb Open A 2013"]
[Site "Zagreb CRO"]
[Date "2013.02.25"]
[Round "1.7"]
[White "Dubois,Mart"]
[Black "Jankovic,A"]
[Result "0-1"]
[WhiteElo "2009"]
[BlackElo "2538"]

1.e4 c5 2.c3 Nf6 3.e5 Nd5 4.d4 cxd4 5.Nf3 Nc6 6.cxd4 d6 7.Bc4 e6 8.O-O Be7
9.Re1 O-O 10.a3 Bd7 11.exd6 Bxd6 12.Nc3 Nce7 13.Ne4 Bc6 14.Ne5 Nb6 15.Bd3 Bxe5
16.dxe5 Ng6 17.Nc3 Qh4 18.Ne4 Rad8 19.Bg5 Rxd3 20.Qxd3 Bxe4 21.Rxe4 Qxg5
22.Rae1 Nd5 23.Kh1 h5 24.g3 Qf5 25.Qe2 Rc8 26.Rg1 Nde7 27.f3 Nc6 28.g4 hxg4
29.fxg4 Qg5 30.Re1 Ncxe5 31.Qb5 Rc2 32.Rxe5 Nxe5 33.Qxe5 Qxg4 34.Qb8+ Kh7
35.Qxb7 Qf4 36.Qe4+ Qxe4+ 37.Rxe4 Rxb2 38.Ra4 Rb7 39.Kg2 Kg6 40.Kf3 f5  0-1

[Event "Reykjavik Open 2013"]
[Site "Reykjavik ISL"]
[Date "2013.02.26"]
[Round "9.16"]
[White "Zumsande,M"]
[Black "Esen,B"]
[Result "1/2-1/2"]
[WhiteElo "2419"]
[BlackElo "2565"]

1.e4 c5 2.c3 Nf6 3.e5 Nd5 4.Nf3 e6 5.d4 cxd4 6.cxd4 d6 7.Bc4 Be7 8.O-O O-O
9.Qe2 b6 10.Qe4 Bb7 11.Bd3 g6 12.Bh6 Re8 13.Nbd2 Ba6 14.Bxa6 Nxa6 15.Nc4 b5
16.Ne3 dxe5 17.Nxe5 Rc8 18.Rac1 Qd6 19.Qd3 Nab4 20.Qxb5 Nxa2 21.Rc5 Nab4
22.Rfc1 Rb8 23.Qa4 Qb6 24.Nd7 Bxc5 25.Nxb6 Bxb6 26.Nxd5 Nxd5 27.g3 Ne7 28.Bg5 Nd5
29.Bh6 Red8 30.Kg2 Ne7 31.Rc4 Nd5 32.Qd1 Bc7 33.Qf3 Bd6 34.Ra4 Rd7 35.b3 Rdb7
36.Qe4 Bf8 37.Bxf8 Rxf8 38.Qe5 h6 39.h4 Rxb3 40.h5 g5 41.Rxa7 Rb2 42.Rd7 Rb5
43.Qe2 Rb4 44.Qe5  1/2-1/2

[Event "29th Open"]
[Site "Cappelle la Grande FRA"]
[Date "2013.02.27"]
[Round "6.65"]
[White "Eriksson,C"]
[Black "Pogorelov,R"]
[Result "1-0"]
[WhiteElo "2141"]
[BlackElo "2403"]

1.e4 c5 2.c3 Nf6 3.e5 Nd5 4.d4 cxd4 5.cxd4 e6 6.Nf3 d6 7.Bc4 Nb6 8.Bd3 dxe5
9.dxe5 Na6 10.Bg5 Bb4+ 11.Nc3 Bxc3+ 12.bxc3 Qc7 13.O-O Nc5 14.Bc2 Bd7 15.Re1 Nd5
16.Qd4 h6 17.Bd2 O-O-O 18.c4 Ne7 19.Bb4 b6 20.Qe3 g6 21.a4 a5 22.Ba3 Nf5
23.Bxf5 gxf5 24.Bxc5 Qxc5 25.Qxc5+ bxc5 26.Nd2 Bc6 27.Nb3 Rhg8 28.g3 f4 29.Nxa5 Ba8
30.Nb3 h5 31.Rad1 Rxd1 32.Rxd1 h4 33.Nxc5 hxg3 34.fxg3 fxg3 35.hxg3 Rxg3+
36.Kh2 Re3 37.Nd3 Bf3 38.Rd2 Be2 39.Nb4 Rxe5 40.Nd3 Bxd3 41.Rxd3 Re4 42.Rc3 Re2+
43.Kg3 Ra2 44.Kf4 Kd7 45.Ke5 Ke7 46.Rb3 f6+ 47.Kd4 f5 48.Ke5 Re2+ 49.Kd4 Kf6
50.a5 e5+ 51.Kc5 Ra2 52.Kb6 e4 53.c5 f4 54.c6 e3 55.c7 Rc2 56.a6 e2 57.Rb1 f3
58.a7 f2 59.a8=Q e1=Q 60.Qf8+ Kg6 61.Qd6+ Kf7 62.Qf4+ Ke6 63.Qg4+ Kd6  1-0

[Event "29th Open"]
[Site "Cappelle la Grande FRA"]
[Date "2013.02.27"]
[Round "6.35"]
[White "Wacker,P"]
[Black "Jovanic,O"]
[Result "0-1"]
[WhiteElo "2300"]
[BlackElo "2547"]

1.e4 c5 2.c3 Nf6 3.e5 Nd5 4.d4 cxd4 5.Nf3 Nc6 6.cxd4 d6 7.Bc4 Nb6 8.Bb5 Bd7
9.Nc3 dxe5 10.dxe5 g6 11.Qe2 Bg7 12.O-O O-O 13.h3 a6 14.Bd3 Qc7 15.Re1 Rad8
16.Bf4 Be6 17.Rac1 Nd5 18.Nxd5 Bxd5 19.Bc4 e6 20.Qe3 Bxf3 21.Qxf3 Rc8 22.Qe3 Qb8
23.Rc3 Rfd8 24.Bb3 Na5 25.Rd1 Nxb3 26.Rxc8 Qxc8 27.Qxb3 Rxd1+ 28.Qxd1 h6
29.b3 Qc3 30.Qe2 Qd4 31.Bg3 b5 32.h4 h5 33.Kh2 Bf8 34.Kh3 Kg7 35.f3 Bc5 36.Bh2 Qc3
37.Bf4 Bd4 38.Kh2 Qa1 39.g4 Qg1+ 40.Kh3 Qh1+ 41.Kg3 b4 42.Bd2 Qg1+ 43.Kf4 a5
44.Ke4 Bc5 45.Kf4 Bf2 46.Be3 Qg3+  0-1

[Event "29th Open"]
[Site "Cappelle la Grande FRA"]
[Date "2013.02.28"]
[Round "7.35"]
[White "Soors,S"]
[Black "Popilski,G"]
[Result "1-0"]
[WhiteElo "2369"]
[BlackElo "2518"]

1.e4 c5 2.c3 Nf6 3.e5 Nd5 4.d4 cxd4 5.Nf3 Nc6 6.cxd4 d6 7.Bc4 e6 8.O-O Be7
9.Qe2 O-O 10.Nc3 dxe5 11.dxe5 Nxc3 12.bxc3 Qa5 13.Bd2 Bd7 14.Rfe1 Rfd8 15.Bb3 Be8
16.Qe4 Rd7 17.Rac1 Rad8 18.Bg5 h6 19.Be3 Rd3 20.Bc2 Qd5 21.Bxd3 Qxd3 22.Qxd3 Rxd3
23.Red1 Rxd1+ 24.Rxd1 b6 25.c4 Na5 26.c5 bxc5 27.Rc1 Nb7 28.Nd2 Bc6 29.Nb3 Bd5
30.Nxc5 Na5 31.Nb3 Nc6 32.f4 a5 33.Bc5 a4 34.Bxe7 axb3 35.Rxc6 Bxc6 36.axb3 Kh7
37.Kf2 Kg6 38.g4 h5 39.gxh5+ Kxh5 40.Ke3 Kg6 41.Kd4 f6 42.b4 Kf5 43.Kc5 Bd5
44.Kd6 Bc4 45.Bd8 Bd3 46.h4 Be2 47.Be7 Bc4 48.Kc5 Bf1 49.Kd6 Be2 50.Bf8 Kxf4
51.Bxg7 fxe5 52.Bxe5+ Kg4 53.Bf6 Bc4 54.Kc5 Bd3 55.b5 Be4 56.Kd6 Bd5 57.Ke5 Bc4
58.b6 Bd5 59.Bg5 Kh5 60.Kf6 Kg4 61.Ke5 Kh5 62.Kf6 Kg4 63.Ke7 Kh5 64.Kd6 Kg4
65.Bd8 Kh5 66.Ke5 Kg4 67.Be7 Kh5 68.Kf4 Bb7 69.Bf6 Kg6 70.Bc3 Bd5 71.Ke5 Kh5
72.Be1  1-0

[Event "29th Open"]
[Site "Cappelle la Grande FRA"]
[Date "2013.02.28"]
[Round "7.44"]
[White "Janev,E"]
[Black "Gajek,R"]
[Result "0-1"]
[WhiteElo "2469"]
[BlackElo "2273"]

1.e4 c5 2.c3 Nf6 3.e5 Nd5 4.Nf3 e6 5.d4 cxd4 6.cxd4 d6 7.a3 Nc6 8.Bd3 dxe5
9.dxe5 g6 10.O-O Bg7 11.Be4 O-O 12.Re1 Qc7 13.Bxd5 exd5 14.Nc3 d4 15.Nd5 Qd8
16.Nf6+ Bxf6 17.exf6 Re8 18.Rxe8+ Qxe8 19.h3 Be6 20.Bh6 Qd8 21.Bg7 Qd5 22.Qd2 Rd8
23.Ng5 d3 24.Nxh7 Nd4 25.Ng5 Nb3 26.Qf4 d2 27.Rd1 Qc4 28.Ne4 Qe2 29.Nc3 Qh5
30.Kh2 g5 31.Qe5 Qh4 32.Kg1 Qf4 33.Qe2 g4 34.Qb5 Qf5 35.Qxb7 gxh3 36.Bh6 Qg6
37.Qc7 Qxf6 38.gxh3 Qh4 39.Kh2 Qxf2+ 40.Kh1 Rd7 41.Qc8+ Kh7  0-1

[Event "29th Open"]
[Site "Cappelle la Grande FRA"]
[Date "2013.03.01"]
[Round "8.170"]
[White "Grall,G"]
[Black "Whiteley,A"]
[Result "0-1"]
[WhiteElo "1746"]
[BlackElo "2251"]

1.e4 c5 2.c3 Nf6 3.e5 Nd5 4.c4 Nb4 5.a3 N4c6 6.f4 d6 7.exd6 Qxd6 8.d3 e5
9.Nc3 Nd4 10.Nb5 Nxb5 11.cxb5 exf4 12.Qf3 g5 13.h4 gxh4 14.Qxf4 Qe6+ 15.Qe4 Qxe4+
16.dxe4 Be6 17.Bg5 Bg7 18.O-O-O Nd7 19.Nf3 Nf6 20.Bxf6 Bxf6 21.Nxh4 Bb3 22.Rd3 c4
23.Rg3 O-O-O 24.Be2 Be5 25.Rf3 Bxb2+ 26.Kxb2 Rd2+ 27.Kc1 Rxe2 28.Rxf7 Ra2
29.Rh3 Rd8 30.Rxb3 cxb3  0-1

[Event "20th Bunratty Masters"]
[Site "Bunratty IRL"]
[Date "2013.03.02"]
[Round "2.19"]
[White "Pearson,Raymond"]
[Black "Annesley,Gareth"]
[Result "0-1"]
[WhiteElo "1926"]
[BlackElo "1925"]

1.e4 c5 2.c3 Nf6 3.e5 Nd5 4.d4 e6 5.Nf3 d6 6.exd6 Bxd6 7.c4 Nf6 8.dxc5 Qa5+
9.Bd2 Qxc5 10.Bd3 O-O 11.O-O Rd8 12.Qe2 Nc6 13.Be3 Qh5 14.Nc3 e5 15.h3 e4
16.Nxe4 Nxe4 17.Bxe4 Bxh3 18.gxh3 Qxh3 19.Rfd1 Qg4+ 20.Kf1 Qxe4 21.c5 Bc7
22.Bg5 Qxe2+ 23.Kxe2 f6 24.Be3 Rxd1 25.Rxd1 Rd8 26.Rxd8+ Bxd8 27.a3 Kf7 28.b4 a6
29.Nd2 Ke6 30.Nc4 Bc7 31.Bd2 Ne5 32.Ne3 f5 33.f4 Ng4 34.Nf1 Kd5 35.Kf3 g6
36.Ng3 h5 37.Nh1 h4 38.Be1 Bd8 39.Nf2 Nxf2 40.Bxf2 Kc4  0-1

[Event "2nd Adriatico Open A"]
[Site "Montesilvano ITA"]
[Date "2013.03.03"]
[Round "4.7"]
[White "Pecorari,M"]
[Black "Martorelli,A"]
[Result "0-1"]
[WhiteElo "2056"]
[BlackElo "2227"]

1.e4 c5 2.c3 Nf6 3.e5 Nd5 4.d4 cxd4 5.Qxd4 e6 6.Nf3 Nc6 7.Qe4 d6 8.Nbd2 dxe5
9.Nxe5 Bd6 10.Nxc6 bxc6 11.Nc4 Bc7 12.Be2 O-O 13.Be3 f5 14.Qc2 Nxe3 15.Nxe3 e5
16.Qd2 Qxd2+ 17.Kxd2 Rb8 18.Nc4 e4 19.Rad1 f4 20.Kc2 Bf5 21.Nd6 Bg6 22.Rd4 e3+
23.Bd3 f3 24.gxf3 Rxf3 25.Bxg6 Rxf2+ 26.Kd3 Bxd6 27.Kxe3 Rf6 28.Be4 Rxb2
29.Kd3 Bc7 30.a4 Bb6 31.Rb4 Rbf2 32.h4 R2f4 33.h5 Rd6+ 34.Kc2 Rf2+ 35.Kb3 Re2
36.Rf1 g5 37.hxg6 hxg6 38.Bb1 Re3 39.Rbf4 Bd4 40.R1f3 Rxf3 41.Rxf3 Be5 42.Kc4 Kg7
43.Be4 Re6 44.Re3 g5 45.Bg2 g4 46.Re4 g3 47.Kc5 Kf6 48.Rg4 Kf5 49.Rg8 Kf4
50.Bxc6 Bxc3 51.Bd5 Rf6 52.Kc4 Be1 53.Rg7 Ke3 54.Rg5 Rf4+ 55.Kb5 Kf2 56.Rg7 Rf5
57.Kc6 Rxd5 58.Kxd5 g2 59.Rf7+ Ke2 60.Re7+ Kf1 61.Rf7+ Bf2 62.Rg7 a5 63.Kc4 g1=Q
64.Rxg1+ Bxg1 65.Kd3 Bf2  0-1

[Event "TCh-SVK Extraliga 2012-13"]
[Site "Slovakia SVK"]
[Date "2013.03.03"]
[Round "11.5"]
[White "Pejko,O"]
[Black "Takacs,Las"]
[Result "1/2-1/2"]
[WhiteElo "2108"]
[BlackElo "2134"]

1.e4 c5 2.c3 Nf6 3.e5 Nd5 4.d4 e6 5.dxc5 Bxc5 6.Qg4 g6 7.Nd2 Be7 8.Bd3 Nc6
9.Ngf3 d6 10.Nc4 dxe5 11.Ncxe5 Nxe5 12.Nxe5 a6 13.Qf3 Bf6 14.Bg5  1/2-1/2